000 00295nam a22001337a 4500
020 _a978-0-141-01459-3
082 _a158
_bGLA/B
100 _aGLADWELL,MALCOLM
245 _aBLINK
260 _aNEWYORK
_bPENGUINBOOKS
300 _a277
650 _aPERSONALITY DEVELOPMENT
_zNEWYORK
942 _cBK
999 _c5767
_d5767